Classification and uses of finger prints. (Record no. 552579)
[ view plain ]
| 000 -LEADER | |
|---|---|
| fixed length control field | 00396cam a2200145 4500 |
| 082 ## - DEWEY DECIMAL CLASSIFICATION NUMBER | |
| Classification number | 363.258 |
| Author Mark | HEN |
| -- | D |
| 100 1# - MAIN ENTRY--PERSONAL NAME | |
| Personal name | Henry, E. R. |
| 9 (RLIN) | 49827 |
| 245 10 - TITLE STATEMENT | |
| Title | Classification and uses of finger prints. |
| 260 ## - PUBLICATION, DISTRIBUTION, ETC. | |
| Place of publication, distribution, etc. | London, |
| Name of publisher, distributor, etc. | Routledge, |
| Date of publication, distribution, etc. | 1900. |
| 300 ## - PHYSICAL DESCRIPTION | |
| Extent | iv, 112 p. |
| Other physical details | plates |
| 526 ## - STUDY PROGRAM INFORMATION NOTE | |
| Program name | 0 |
| Interest level | 0 |
| Reading level | 0 |
| Title point value | 363_258000000000000_HEN |
| 650 #0 - SUBJECT ADDED ENTRY--TOPICAL TERM | |
| Topical term or geographic name entry element | Fingerprints. |
| 9 (RLIN) | 27997 |
| 650 #0 - SUBJECT ADDED ENTRY--TOPICAL TERM | |
| Topical term or geographic name entry element | MCE |
| 9 (RLIN) | 379 |
| 942 ## - ADDED ENTRY ELEMENTS (KOHA) | |
| Source of classification or shelving scheme | |
| Koha item type | Book |
| Withdrawn status | Lost status | Source of classification or shelving scheme | Damaged status | Not for loan | Permanent Location | Current Location | Shelving location | Date acquired | Total Checkouts | Full call number | Barcode | Date last seen | Price effective from | Koha item type |
|---|---|---|---|---|---|---|---|---|---|---|---|---|---|---|
| Military College of Engineering (MCE) | Military College of Engineering (MCE) | 01/19/2015 | 363.258 HEN | MCE-ECC.1 | 01/19/2015 | 01/19/2015 | Book |
